Narrative of a journey in Egypt and the country beyond the cataracts. By Thomas Legh, Esq. M.P. Second edition

Uloženo v:
Podrobná bibliografie
Hlavní autoři: Legh, Thomas (Autor), Ibrahim, Shekh (Autor)
Médium: Kniha
Jazyk:angličtina
Vydáno: Londres John Murray, Albemarle street 1817
Vydání:2a. ed
Témata:
Tagy: Přidat tag
Žádné tagy, Buďte první, kdo vytvoří štítek k tomuto záznamu!

MARC

LEADER 00000nam a2200000 a 4500
001 UCJ5946
003 CL-VaPUC
008 070124e18170000UK |||||||||||||||||eng|d
082 0 4 |a 910.4  |b LEG  |2 21 
100 0 |a Legh, Thomas  |e author  |9 511947 
700 0 |a Ibrahim, Shekh  |e author  |9 511948 
245 1 0 |a Narrative of a journey in Egypt and the country beyond the cataracts. By Thomas Legh, Esq. M.P. Second edition 
246 1 0 |a Itenerary through Syria 
250 |a 2a. ed 
300 |a viii, 296 p 
942 |c BK 
945 |d 20070124 00:00:00  |a rinostro 
260 |a Londres  |b John Murray, Albemarle street  |c 1817 
500 |a Front., interior de un templo egipcio; mapa del Nilo; p. 269, reproducción de un manuscrito de Tebas 
650 0 |a Viajes  |9 257115 
650 0 |a Arqueología   |9 265619 
650 0 |a Etnografía   |9 309735 
650 0 |a Cultura  |9 269059 
650 0 |a Arquitectura  |9 804558 
650 0 |a Manuscritos   |9 313680 
650 0 |a Navegación   |9 255384 
650 0 |a Mapas  |9 260844 
651 0 |a Egipto   |9 268199 
651 7 |a SIRIA  |2 CL-VaPUC  |9 368815 
583 |a last modification  |c 20070124 00:00:00  |k Rodrigo Vera 
999 |c 322054  |d 322052 
952 |0 0  |1 0  |4 0  |6 910_400000000000000_LEG_1817  |7 0  |8 X  |9 400965  |a FDOBUD  |b FDOBUD  |d 2019-11-22  |i 1041878  |o 910.4 LEG 1817  |p 1041878  |r 2019-11-22  |w 2019-11-22  |y BK_X  |k BUD